[Event "Michigan Open"]
[Site "Flint, MI"]
[Date "1998.??.??"]
[Round "?"]
[White "Finegold, Ron"]
[Black "Jarosz, Stan"]
[Result "1/2-1/2"]
[WhiteElo "2065"]
[BlackElo "2040"]
[PlyCount "130"]
[EventDate "1998.09.??"]

{9/6} 1. c4 e6 2. g3 d5 3. Bg2 Nf6 4. Nf3 Be7 5. O-O O-O 6. b3 b6 7. Bb2 Bb7 8.
Na3 dxc4 9. Nxc4 c5 10. Qc2 Nc6 11. Rad1 Rc8 12. Qb1 Qc7 13. Qa1 Rfd8 14. Nce5
Nxe5 15. Bxe5 Qd7 16. d3 Ne8 17. Rd2 Bf6 18. Rc1 Bxe5 19. Qxe5 Qe7 20. Rdc2 Nd6
21. d4 cxd4 22. Rxc8 Rxc8 23. Rxc8+ Bxc8 24. Nxd4 f6 25. Qe3 e5 26. f4 Nf5 27.
Qc3 Bd7 28. Bd5+ Kf8 29. Nxf5 Bxf5 30. e4 Bd7 31. b4 exf4 32. gxf4 Qd6 33. f5
Bxf5 34. exf5 Qxd5 35. Qc8+ Ke7 36. Qc7+ Qd7 37. Qf4 Qd1+ 38. Kg2 Qe2+ 39. Kg1
Qe5 40. Qg4 Qa1+ 41. Kf2 Qxa2+ 42. Ke1 Qb1+ 43. Kd2 g6 44. fxg6 hxg6 45. Qe2+
Kd8 46. Kc3 Qa1+ 47. Kb3 Qb1+ 48. Kc3 Qf5 49. Qd2+ Ke7 50. Qh6 a5 51. Qg7+ Kd8
52. Qf8+ Kc7 53. Qf7+ Kb8 54. bxa5 Qxa5+ 55. Kb3 Qb5+ 56. Kc3 Qe5+ 57. Kb3 g5
58. Qh7 b5 59. Kb4 Qd4+ 60. Kxb5 g4 61. h4 Qd5+ 62. Kb6 Qd6+ 63. Kb5 g3 64.
Qg8+ Kc7 65. Qc4+ Kb7 1/2-1/2

[Event "U.S. Amateur North"]
[Site "Detroit, MI"]
[Date "1998.??.??"]
[Round "?"]
[White "Fimderbirg, K."]
[Black "Woemer, K."]
[Result "0-1"]
[WhiteElo "1605"]
[BlackElo "1605"]
[PlyCount "70"]
[EventDate "1998.05.??"]

{5/24} 1. e4 c5 2. Nf3 Nc6 3. Bc4 e6 4. c3 a6 5. d4 cxd4 6. cxd4 b5 7. Bb3 Bb4+
8. Nc3 Nf6 9. Bg5 Be7 10. O-O Bb7 11. d5 exd5 12. exd5 Nxd5 13. Nxd5 Bxg5 14.
Nxg5 O-O 15. Qh5 h6 16. Bc2 Qxg5 17. Qxg5 hxg5 18. Rad1 Rac8 19. Nb6 Rc7 20.
Nxd7 Rd8 21. Rfe1 Nb4 22. Nf6+ gxf6 23. Rxd8+ Kg7 24. Bb3 a5 25. a3 Na6 26. h3
a4 27. Ba2 b4 28. Ree8 Rc1+ 29. Kh2 b3 30. Rg8+ Kh6 31. Rh8+ Kg6 32. g4 f5 33.
Bxb3 axb3 34. Rb8 Rh1+ 35. Kg3 f4# 0-1

[Event "U.S. Amateur North"]
[Site "Detroit, MI"]
[Date "1998.??.??"]
[Round "?"]
[White "Feldstein, R."]
[Black "Kyser, Bob"]
[Result "1-0"]
[WhiteElo "2000"]
[BlackElo "1605"]
[PlyCount "32"]
[EventDate "1998.05.??"]

{5/23} 1. e4 e5 2. f4 d5 3. exd5 e4 4. Bb5+ Bd7 5. Bxd7+ Nxd7 6. c4 Bc5 7. Qe2
Ngf6 8. g4 h6 9. h4 Qe7 10. Nc3 Bxg1 11. Rxg1 Nc5 12. Qe3 Nd3+ 13. Kd1 Qc5 14.
Nxe4 Qxe3 15. Nxf6+ gxf6 16. dxe3 Rg8 {[Reaminder illegible]} 1-0

[Event "U.S. Amateur North"]
[Site "Detroit, MI"]
[Date "1998.??.??"]
[Round "?"]
[White "Failor, Michael"]
[Black "Randel, D."]
[Result "1-0"]
[WhiteElo "1605"]
[BlackElo "1785"]
[PlyCount "55"]
[EventDate "1998.05.??"]

{5/24} 1. e4 c5 2. Nf3 Nc6 3. d4 cxd4 4. Nxd4 g6 5. Nc3 Bg7 6. Be3 Nf6 7. f4
O-O 8. Qd2 d5 9. Nxc6 bxc6 10. O-O-O Bg4 11. Be2 Bxe2 12. Qxe2 Qa5 13. e5 Nd7
14. h4 f6 15. h5 fxe5 16. hxg6 hxg6 17. Qg4 Rf6 18. Qxd7 d4 19. fxe5 dxc3 20.
exf6 Bxf6 21. Qe6+ Kf8 22. Bh6+ Bg7 23. Bxg7+ Kxg7 24. Qxe7+ Kg8 25. Qh7+ Kf8
26. Rdf1+ Ke8 27. Qf7+ Kd8 28. Rh8# 1-0

[Event "U.S. Amateur North"]
[Site "Detroit, MI"]
[Date "1998.??.??"]
[Round "?"]
[White "Failor, Michael"]
[Black "Cole, J."]
[Result "0-1"]
[WhiteElo "1605"]
[BlackElo "1930"]
[PlyCount "65"]
[EventDate "1998.05.??"]

{5/23} 1. c4 Nf6 2. g3 g6 3. b3 Bg7 4. Bb2 O-O 5. Bg2 d6 6. e3 c6 7. d4 Nbd7 8.
Nf3 Rb8 9. O-O a6 10. a4 a5 11. Re1 Re8 12. Na3 Qc7 13. Rc1 Ra8 14. e4 e5 15.
d5 Nc5 16. Nd2 Nd3 17. Qc2 Nxe1 18. Rxe1 Nd7 19. Qc3 Nc5 20. f4 Qb6 21. Kh1 Bd7
22. h3 Qb4 23. Qe3 exf4 24. Qxf4 Bxb2 25. Nc2 Qb6 26. Rf1 f6 27. Qxd6 Be5 28.
dxc6 Bxd6 29. cxd7 Nxd7 30. g4 Bb8 31. h4 Qd6 32. Nf3 Ne5 33. c5 0-1

[Event "Michigan Class A"]
[Site "Grand Rapids, MI"]
[Date "1998.??.??"]
[Round "?"]
[White "Evans Sr., Thomas"]
[Black "Williams, Ron"]
[Result "1-0"]
[WhiteElo "1875"]
[BlackElo "1870"]
[PlyCount "115"]
[EventDate "1998.01.??"]

1. e4 Nc6 2. d4 e5 3. dxe5 Nxe5 4. Nf3 Nxf3+ 5. Qxf3 Qf6 6. Qxf6 Nxf6 7. Bd3
Bc5 8. O-O d6 9. Bd2 O-O 10. a4 a6 11. b4 Ba7 12. Bc3 Ng4 13. h3 Ne5 14. Kh1 f6
15. Be2 Bd7 16. f4 Ng6 17. Nd2 Be3 18. f5 Ne5 19. Nc4 Bh6 20. Nxe5 dxe5 21.
Bc4+ Kh8 22. b5 a5 23. Rad1 Be8 24. Bb2 Bf7 25. Bxf7 Rxf7 26. Rd3 g6 27. fxg6
hxg6 28. Bxe5 Kg7 29. Bf4 g5 30. Bg3 Re8 31. Re1 Kg6 32. Rc3 Ree7 33. Rc4 Rd7
34. Kg1 Bf8 35. Rf1 b6 36. e5 fxe5 37. Rxf7 Rxf7 38. Bxe5 Bc5+ 39. Kh2 Re7 40.
Bg3 Kf5 41. h4 Rh7 42. Kh3 Rd7 43. hxg5 Kxg5 44. Bf4+ Kg6 45. Kg4 Rf7 46. Re4
Rd7 47. g3 Kf7 48. Kf5 Bd4 49. Be5 Bxe5 50. Kxe5 Rd2 51. Rc4 Rd7 52. Rd4 Re7+
53. Kf5 Kf8 54. g4 Rf7+ 55. Ke4 Ke7 56. Rc4 Kf8 57. Kd5 Ke7 58. Rxc7+ 1-0

[Event "Michigan Amateur"]
[Site "Kalamazoo "]
[Date "1998.??.??"]
[Round "?"]
[White "Evans Sr., Thomas"]
[Black "Smith, Les L"]
[Result "0-1"]
[WhiteElo "1605"]
[BlackElo "1905"]
[PlyCount "108"]
[EventDate "1998.07.??"]

{7/18} 1. d4 d5 2. c4 c6 3. e3 Nf6 4. Nc3 e6 5. Nf3 Nbd7 6. Be2 dxc4 7. Bxc4 b5
8. Bd3 Bb7 9. a3 Qc7 10. Bd2 a6 11. O-O c5 12. Qc2 c4 13. Be4 Nxe4 14. Nxe4 Be7
15. Neg5 h6 16. Nxe6 fxe6 17. Qg6+ Kd8 18. Qxg7 Bf6 19. Qg4 Ke7 20. Bb4+ Kd8
21. e4 Re8 22. Rad1 a5 23. Bc3 Nf8 24. e5 Bh8 25. Qh4+ Qe7 26. Qf4 Qg7 27. d5
Bxd5 28. Qd2 Re7 29. Bxa5+ Ke8 30. Kh1 Rf7 31. Nh4 Qg5 32. Nf3 Qxd2 33. Bxd2
Rxf3 34. gxf3 Bxf3+ 35. Kg1 Bxd1 36. Rxd1 Rd8 37. Kf1 Bxe5 38. Re1 Bxb2 39. Bb4
c3 40. Re2 Kf7 41. Rc2 Rd3 42. Kg2 Ng6 43. f3 Nf4+ 44. Kg3 Nd5 45. Ba5 Ne3 46.
Re2 c2 47. Bd2 c1=Q 48. Bxc1 Bxc1 49. Kh4 Rxa3 50. Kh5 Nf5 51. Rg2 Rxf3 52. Rc2
Rh3+ 53. Kg4 Ne3+ 54. Kxh3 Nxc2 0-1

[Event "Michigan Amateur"]
[Site "Kalamazoo "]
[Date "1998.??.??"]
[Round "?"]
[White "Evans Sr., Thomas"]
[Black "Scriber, Darin"]
[Result "1-0"]
[WhiteElo "1910"]
[BlackElo "1605"]
[PlyCount "63"]
[EventDate "1998.07.??"]

{7/19} 1. e4 Nf6 2. e5 Nd5 3. Qf3 c6 4. Bc4 e6 5. Nh3 d6 6. Bxd5 exd5 7. exd6
Bxd6 8. O-O O-O 9. d4 Bxh3 10. Qxh3 Re8 11. Nd2 Qc7 12. Nf3 Nd7 13. Be3 Nf6 14.
Nh4 Re6 15. Nf5 Bf4 16. Rae1 Bxe3 17. fxe3 Ne4 18. c3 Rae8 19. Re2 Nd6 20. g4
g6 21. Nh6+ Kg7 22. g5 f5 23. gxf6+ Rxf6 24. Rxf6 Kxf6 25. Ng4+ Kg7 26. Qh6+
Kh8 27. Nf6 Qe7 28. Nxe8 Qxe8 29. Qf4 Qe7 30. Rf2 Kg7 31. Rg2 Nf5 32. Qxf5 1-0

[Event "Michigan Amateur"]
[Site "Kalamazoo "]
[Date "1998.??.??"]
[Round "?"]
[White "Evans Sr., Thomas"]
[Black "Nolan, Brian"]
[Result "1-0"]
[WhiteElo "1910"]
[BlackElo "1605"]
[PlyCount "103"]
[EventDate "1998.07.??"]

{7/18} 1. e4 c5 2. f4 d6 3. Nf3 Nc6 4. Bc4 e6 5. O-O d5 6. exd5 exd5 7. Re1+
Be7 8. Bb5 Nf6 9. Bxc6+ bxc6 10. Qe2 Bg4 11. d3 Bxf3 12. Qxf3 O-O 13. Nc3 Rb8
14. b3 Nd7 15. Bd2 Bf6 16. Rad1 Nb6 17. Ne2 Qc7 18. Ng3 c4 19. Qg4 cxd3 20.
cxd3 Qd7 21. f5 c5 22. Nh5 Bd4+ 23. Be3 Bxe3+ 24. Rxe3 f6 25. Rde1 Rb7 26. Re7
Qxe7 27. Rxe7 Rxe7 28. h3 Nd7 29. d4 cxd4 30. Qxd4 Nb6 31. a4 Re4 32. Qd3 Re5
33. Qg3 Re7 34. Qd6 Rd7 35. Qe6+ Rff7 36. a5 Rde7 37. Qd6 Rd7 38. Qc6 Rc7 39.
Qe8+ Rf8 40. Qe6+ Kh8 41. axb6 axb6 42. Qxd5 Rfc8 43. Nf4 Rc5 44. Qe6 Rb8 45.
Qd7 Rg8 46. Kh2 g6 47. fxg6 hxg6 48. Qe6 Kh7 49. Qxf6 Rf5 50. Qh4+ Kg7 51. Ne6+
Kf7 52. Qh7+ 1-0

[Event "Kalamazoo Mini-Swiss.1"]
[Site "Kalamazoo, MI"]
[Date "1998.??.??"]
[Round "?"]
[White "Evans Sr., Thomas"]
[Black "Moore, Robert"]
[Result "1-0"]
[WhiteElo "1890"]
[BlackElo "1655"]
[PlyCount "73"]
[EventDate "1998.??.??"]

1. e4 c5 2. f4 d6 3. Nf3 e6 4. Bb5+ Bd7 5. Bxd7+ Qxd7 6. O-O Be7 7. c3 Nf6 8.
e5 Nd5 9. d4 Qb5 10. Na3 Qa6 11. c4 Nb6 12. Nb5 O-O 13. b3 d5 14. Nc7 Qa5 15.
Bd2 Qa3 16. Nxa8 Nxa8 17. cxd5 exd5 18. Kh1 Nc7 19. dxc5 Bxc5 20. Qc2 Ne6 21.
Rab1 Nc6 22. Rfc1 b6 23. b4 Nxb4 24. Bxb4 Bxb4 25. f5 Nf4 26. Rb3 Qa5 27. g3
Nh5 28. Qe2 Bc5 29. Ng5 h6 30. Qxh5 Qd2 31. Rd1 Qxg5 32. Qxg5 hxg5 33. Rxd5 Re8
34. Rbd3 Kh7 35. Kg2 Re7 36. g4 Kh6 37. Rh3# 1-0

[Event "Cadillac Marathon"]
[Site "Cadillac, MI"]
[Date "1998.??.??"]
[Round "?"]
[White "Evans Sr., Thomas"]
[Black "Mitchell, Dave"]
[Result "1-0"]
[WhiteElo "1930"]
[BlackElo "1605"]
[PlyCount "96"]
[EventDate "1998.??.??"]

1. e4 d6 2. d4 Nf6 3. Nc3 c6 4. f4 Qa5 5. Bd2 Nbd7 6. Nf3 e5 7. Bd3 Be7 8. Nd5
Qd8 9. Nxe7 Qxe7 10. dxe5 dxe5 11. O-O O-O 12. f5 Nc5 13. Qe2 Rd8 14. Bb4 a5
15. Bc3 Nxd3 16. cxd3 Qc5+ 17. Kh1 Re8 18. Rac1 Qd6 19. h3 b6 20. Qf2 Ba6 21.
Rfd1 Qc7 22. g4 Rad8 23. Qe3 c5 24. b3 h6 25. Rd2 Bb7 26. g5 hxg5 27. Qxg5 Nxe4
28. dxe4 Bxe4 29. f6 Bg6 30. Rxd8 Qxd8 31. fxg7 Qxg5 32. Nxg5 e4 33. Kg2 e3 34.
Nf3 Be4 35. Kg3 Bb7 36. Rd1 e2 37. Re1 Re3 38. Bb2 Rxf3+ 39. Kg4 Rf1 40. Bc3
Rxe1 41. Bxe1 Kxg7 42. Kf4 b5 43. Ke5 c4 44. bxc4 bxc4 45. Kd4 f5 46. Bxa5 Bg2
47. h4 Kg6 48. Kxc4 Kh5 {[Remainder unavailable]} 1-0

[Event "Cadillac Marathon"]
[Site "Cadillac, MI"]
[Date "1998.??.??"]
[Round "?"]
[White "Evans Sr., Thomas"]
[Black "Masek, Adam"]
[Result "0-1"]
[WhiteElo "1930"]
[BlackElo "1605"]
[PlyCount "82"]
[EventDate "1998.??.??"]

1. e4 c6 2. f4 d5 3. e5 Bf5 4. d4 e6 5. Nf3 Nd7 6. Bd3 Bxd3 7. Qxd3 c5 8. c3
Qb6 9. O-O Ne7 10. Nh4 Nc6 11. Nf3 Be7 12. a3 O-O-O 13. b4 cxd4 14. cxd4 h6 15.
Bd2 Rdg8 16. Rc1 Kb8 17. b5 Na5 18. Bxa5 Qxa5 19. Nbd2 Rc8 20. f5 Rxc1+ 21.
Rxc1 Qxa3 22. Qc2 exf5 23. Qc7+ Ka8 24. Nb3 Qxb3 25. e6 fxe6 26. Kh1 Qxb5 27.
Ne5 Bg5 28. Rd1 Nxe5 29. Qxg7 Rc8 30. Qxe5 Qc6 31. h3 a6 32. Qg7 Qc7 33. Qg6
Qe7 34. Re1 Bf4 35. g3 Rc1 36. Qg8+ Ka7 37. Rxc1 Bxc1 38. Qc8 Qa3 39. Qc7 Be3
40. Qe5 Qc1+ 41. Kg2 Qg1+ 0-1

[Event "Kalamazoo Mini-Swiss.1"]
[Site "Kalamazoo, MI"]
[Date "1998.??.??"]
[Round "?"]
[White "Evans Sr., Thomas"]
[Black "Griffin, John"]
[Result "0-1"]
[WhiteElo "1900"]
[BlackElo "1605"]
[PlyCount "129"]
[EventDate "1998.??.??"]

1. e4 c5 2. Bc4 e6 3. Nc3 Nc6 4. a3 Nf6 5. d3 d5 6. exd5 exd5 7. Bb5 Be7 8.
Bxc6+ bxc6 9. Nf3 O-O 10. O-O Rb8 11. Re1 Qc7 12. d4 h6 13. dxc5 Bxc5 14. b4
Bd6 15. h3 Ba6 16. Be3 Rfe8 17. Qd4 Qb6 18. Qxf6 gxf6 19. Bxb6 axb6 20. Rad1
Kf8 21. Nb1 Rxe1+ 22. Rxe1 Re8 23. Rxe8+ Kxe8 24. Nbd2 c5 25. c3 Be2 26. g3 Be5
27. Nxe5 fxe5 28. f3 f5 29. Kf2 Bd1 30. Ke3 Ke7 31. Nf1 d4+ 32. cxd4 exd4+ 33.
Kd3 Bxf3 34. bxc5 bxc5 35. Nd2 Bc6 36. Kc4 Kd6 37. h4 h5 38. Nf1 Ba4 39. Nd2
Bd1 40. Kd3 Kc6 41. Nc4 Bg4 42. a4 Bh3 43. Nd2 Kb6 44. Kc4 Bg4 45. a5+ Kc6 46.
Kd3 Kb5 47. Nc4 Bh3 48. Nd6+ Kxa5 49. Kc4 Kb6 50. Nc8+ Kc6 51. Na7+ Kd6 52.
Nb5+ Ke5 53. Kxc5 d3 54. Kc4 Ke4 55. Kc3 Ke3 56. Kb2 Bg4 57. Kc1 d2+ 58. Kc2
d1=Q+ 59. Kc3 Qd3+ 60. Kb4 Be2 61. Na3 Qd6+ 62. Kb3 Bd1+ 63. Kb2 Qb4+ 64. Kc1
Qxa3+ 65. Kxd1 0-1

[Event "Michigan Class D/E"]
[Site "Grand Rapids, MI"]
[Date "1998.??.??"]
[Round "?"]
[White "Evans Sr., Thomas"]
[Black "Crysler, Jerry"]
[Result "0-1"]
[WhiteElo "1605"]
[BlackElo "1605"]
[PlyCount "52"]
[EventDate "1998.01.??"]

1. d4 d5 2. c4 c6 3. e3 b6 4. Nf3 Nd7 5. Be2 Ngf6 6. Nc3 e6 7. O-O Bd6 8. Bd2
O-O 9. a3 Qc7 10. cxd5 exd5 11. Rc1 a6 12. Qa4 Bb7 13. Qb3 Ne4 14. Nxd5 Qb8 15.
Nxb6 Nxb6 16. Qxb6 Nxd2 17. Nxd2 Bxh2+ 18. Kh1 Bc7 19. Qc5 Qd8 20. Qh5 Qe7 21.
Bd3 g6 22. Qh6 Rad8 23. Nf3 Rd5 24. g4 Bc8 25. Nh2 Bxg4 26. Rxc6 Bxh2 {
[Remainder illegible]} 0-1

[Event "Michigan Amateur"]
[Site "Kalamazoo "]
[Date "1998.??.??"]
[Round "?"]
[White "Evans Sr., Thomas"]
[Black "Councell, Keith"]
[Result "0-1"]
[WhiteElo "1605"]
[BlackElo "1605"]
[PlyCount "104"]
[EventDate "1998.07.??"]

{7/19} 1. d4 c6 2. c4 d5 3. e3 Bf5 4. Nc3 e6 5. Nf3 Bb4 6. Bd2 Ne7 7. Be2 O-O
8. O-O Ng6 9. c5 Ba5 10. Qb3 b6 11. cxb6 Bxb6 12. Na4 Bc7 13. Qb7 Nd7 14. Qxc6
Rc8 15. Ba6 Bxh2+ 16. Nxh2 Rxc6 17. Bb5 Rc2 18. Bb4 Ne7 19. a3 Nb6 20. Ba5 Nc6
21. Bxc6 Rxc6 22. Nc5 Qg5 23. Nf3 Qh5 24. Ne5 Rxc5 25. dxc5 Nc4 26. Nxc4 dxc4
27. Rac1 Bd3 28. Rfd1 Rc8 29. b4 a6 30. a4 h6 31. Bb6 Qe5 32. b5 axb5 33. axb5
Rxc5 34. Bxc5 Qxc5 35. Rxd3 Qxb5 36. Rdc3 g5 37. Rxc4 Kg7 38. Rc7 Kg6 39. R1c5
Qb1+ 40. Rc1 Qf5 41. R7c5 e5 42. Re1 f6 43. Rec1 h5 44. Rc8 Qe6 45. e4 g4 46.
R8c6 Qd7 47. Rc7 Qa4 48. R1c4 Qd1+ 49. Kh2 Qe2 50. Kg3 Qd2 51. Rc8 Qf4+ 52. Kh4
Qh2# 0-1

[Event "Michigan Class A"]
[Site "Grand Rapids, MI"]
[Date "1998.??.??"]
[Round "?"]
[White "Evans Sr., Thomas"]
[Black "Conlon, Russell"]
[Result "0-1"]
[WhiteElo "1875"]
[BlackElo "1875"]
[PlyCount "103"]
[EventDate "1998.01.??"]

1. e4 d6 2. d4 Nf6 3. Bd3 e5 4. d5 g6 5. h3 Nbd7 6. Ne2 Bg7 7. O-O O-O 8. Bg5
h6 9. Be3 Nh5 10. Nbc3 f5 11. exf5 gxf5 12. Ng3 Nxg3 13. fxg3 e4 14. Bc4 Ne5
15. Bb3 Qe8 16. Ne2 Qg6 17. Kh2 Bd7 18. Nf4 Qh7 19. Qc1 Rae8 20. c3 Nd3 21.
Nxd3 exd3 22. Qd2 f4 23. gxf4 h5 24. Rad1 Bb5 25. Rf2 Qe4 26. Rf3 Qf5 27. c4
Ba6 28. Qxd3 Qxd3 29. Rxd3 Re4 30. Rg3 Kf7 31. Rg5 h4 32. Rf5+ Ke7 33. Rxf8
Kxf8 34. Bf2 Rxf4 35. Rf3 Rxf3 36. gxf3 Bf6 37. Bxa7 b6 38. Bb8 Bd8 39. a4 Kf7
40. Kg2 Ke7 41. f4 Kd7 42. Kf3 Kc8 43. Ba7 Kb7 44. Bxb6 Kxb6 45. Ke4 Kc5 46.
Kf5 Bc8+ 47. Kg6 Bxh3 48. Bd1 Bg2 49. Bg4 h3 50. Bxh3 Bxh3 51. b3 Kb4 52. f5 {
[Remainder illegible]} 0-1

[Event "Kalamazoo Mini-Swiss.1"]
[Site "Kalamazoo, MI"]
[Date "1998.??.??"]
[Round "?"]
[White "Evans Sr., Thomas"]
[Black "Carr, Jay"]
[Result "1-0"]
[WhiteElo "1900"]
[BlackElo "1695"]
[PlyCount "73"]
[EventDate "1998.??.??"]

1. e4 c5 2. f4 Nf6 3. Nc3 d5 4. Bb5+ Bd7 5. e5 d4 6. Bxd7+ Nfxd7 7. Ne4 e6 8.
Qg4 g6 9. Nf3 Nc6 10. Nfg5 Be7 11. O-O Nf8 12. a3 h6 13. Qh3 h5 14. d3 Nh7 15.
Qg3 Nxg5 16. fxg5 Rf8 17. Nf6+ Bxf6 18. exf6 Kd7 19. Bf4 Rc8 20. Rfe1 b6 21.
Rab1 a5 22. Qf3 e5 23. Qd5+ Kc7 24. Qxf7+ Kd6 25. Qxg6 Rg8 26. Qh6 Rh8 27. Qg6
Rg8 28. Qf7 Rf8 29. Bxe5+ Nxe5 30. Qxh5 Qe8 31. Qh7 Rh8 32. Qf5 Qe6 33. Qf4
Rce8 34. Re4 Kd7 35. Rbe1 Ng6 36. Qf2 Qd6 37. Qf5+ 1-0

[Event "Michigan Class A"]
[Site "Grand Rapids, MI"]
[Date "1998.??.??"]
[Round "?"]
[White "Evans Sr., Thomas"]
[Black "Bauerle, Paul"]
[Result "1-0"]
[WhiteElo "1875"]
[BlackElo "1940"]
[PlyCount "75"]
[EventDate "1998.01.??"]

1. e4 e6 2. d4 d5 3. exd5 exd5 4. Nf3 Bf5 5. Bd3 Bxd3 6. Qxd3 Qe7+ 7. Be3 Nc6
8. a3 Nf6 9. O-O Qe4 10. Qb5 O-O-O 11. Rc1 Bd6 12. Nbd2 Qg6 13. h3 Nh5 14. c4
a6 15. Qb3 Nf4 16. Bxf4 Bxf4 17. cxd5 Nxd4 18. Nxd4 Bxd2 19. Rd1 Bf4 20. Qf3
Be5 21. Rac1 Qf6 22. Qg4+ Kb8 23. Nc2 Bxb2 24. Rb1 Be5 25. Qb4 Qb6 26. Qc4 Qa7
27. Nb4 Rd6 28. Nc6+ Rxc6 29. dxc6 b5 30. Qd5 Bd6 31. a4 Rd8 32. Qb3 b4 33.
Qxb4+ Ka8 34. Qc4 f6 35. Rxd6 cxd6 36. c7 Rc8 37. Qc6+ Qb7 38. Qxb7# 1-0

[Event "Michigan Class D/E"]
[Site "Grand Rapids, MI"]
[Date "1998.??.??"]
[Round "?"]
[White "Evans Sr., Thomas"]
[Black "Bascomb, A."]
[Result "1/2-1/2"]
[WhiteElo "1605"]
[BlackElo "1605"]
[PlyCount "52"]
[EventDate "1998.01.??"]

1. d4 Nf6 2. c4 g6 3. e3 Bg7 4. Nf3 O-O 5. Be2 c6 6. O-O b6 7. Nc3 a6 8. a3 e6
9. Bd2 Bb7 10. Rb1 d5 11. cxd5 Nxd5 12. Nxd5 Qxd5 13. b4 Nd7 14. Qb3 Qxb3 15.
Rxb3 c5 16. bxc5 Bd5 17. Rbb1 bxc5 18. dxc5 Ba2 19. Rbc1 Rfc8 20. Bc4 Bxc4 21.
Rxc4 Rxc5 22. Rxc5 Nxc5 23. Rb1 Rd8 24. h3 Ne4 25. Ba5 Nc3 26. Bxd8 Nxb1
1/2-1/2

[Event "Kalamazoo Mini-Swiss.1"]
[Site "Kalamazoo, MI"]
[Date "1998.??.??"]
[Round "?"]
[White "Evans Sr., Thomas"]
[Black "Anthony, James"]
[Result "1-0"]
[WhiteElo "1900"]
[BlackElo "1605"]
[PlyCount "66"]
[EventDate "1998.??.??"]

1. e4 e5 2. Bc4 Nc6 3. Nf3 Nf6 4. Nc3 h6 5. Qe2 Bc5 6. Nd5 Nd4 7. Nxd4 Bxd4 8.
c3 Bc5 9. b4 Bd6 10. Qf3 Nxd5 11. Bxd5 Qe7 12. O-O c6 13. Bb3 O-O 14. a3 b5 15.
d4 Bb7 16. Qg4 Kh8 17. Bd2 Bc7 18. Rae1 d6 19. Qh5 Qf6 20. f4 Qg6 21. Qf3 f6
22. f5 Qh7 23. Qh5 d5 24. Re3 Bb6 25. Rg3 exd4 26. cxd4 Bxd4+ 27. Kh1 Rae8 28.
Rg6 Re7 29. exd5 cxd5 30. Bxh6 Be3 31. Re1 d4 32. h3 Rc7 33. Rxe3 {[Remainder
illegible]} dxe3 1-0

[Event "Michigan Beginners"]
[Site "Grand Rapids, MI"]
[Date "1998.??.??"]
[Round "?"]
[White "Evans, Joseph"]
[Black "Pleasant, Andrew"]
[Result "0-1"]
[WhiteElo "1605"]
[BlackElo "1605"]
[PlyCount "42"]
[EventDate "1998.01.??"]

1. d4 d5 2. Nc3 Nf6 3. f3 e6 4. e4 Bb4 5. Bd2 Bxc3 6. bxc3 dxe4 7. Be3 O-O 8.
Nh3 exf3 9. gxf3 Nd5 10. Bg5 f6 11. Qd3 fxg5 12. Nxg5 Qxg5 13. c4 Nb4 14. Qc3
N8c6 15. Bh3 Nxd4 16. Qxb4 Nxc2+ 17. Kf1 Rxf3+ 18. Ke2 Qe3+ 19. Kd1 Nxb4 20.
Bg2 Qd3+ 21. Kc1 Qc2# 0-1

[Event "Michigan Beginners"]
[Site "Grand Rapids, MI"]
[Date "1998.??.??"]
[Round "?"]
[White "Evans, Joseph"]
[Black "Nikitin, Matt"]
[Result "0-1"]
[WhiteElo "1605"]
[BlackElo "1605"]
[PlyCount "174"]
[EventDate "1998.01.??"]

1. d4 d5 2. Nc3 e6 3. g3 Nc6 4. Bh3 Nce7 5. Bg5 g6 6. Nf3 Bg7 7. O-O Nf6 8. Kg2
O-O 9. Qd2 Ne4 10. Nxe4 dxe4 11. Nh4 Bxd4 12. Bxe7 Qxe7 13. Qxd4 Qd7 14. Qxd7
Bxd7 15. Rfd1 Bc6 16. Kh1 e3+ 17. Bg2 exf2 18. Bxc6 bxc6 19. Rf1 Rfd8 20. Rxf2
Rd2 21. Rc1 Re8 22. Nf3 Rd5 23. c4 Ra5 24. Ra1 e5 25. b4 Ra4 26. a3 e4 27. Nd4
c5 28. bxc5 Rxc4 29. e3 Rxc5 30. Nb3 Rc3 31. Rb1 Rb8 32. Nd2 Rxb1+ 33. Nxb1
Rc1+ 34. Kg2 Rxb1 35. Rd2 Rb3 36. Rd7 Rxe3 37. a4 a5 38. Rxc7 Re2+ 39. Kf1 Ra2
40. Rc4 e3 41. Rc8+ Kg7 42. Rc4 Rf2+ 43. Kg1 Rf3 44. Re4 f5 45. Re7+ Kf6 46.
Re8 h5 47. Kg2 Rf2+ 48. Kg1 Rf3 49. Kg2 Rf2+ 50. Kg1 Re2 51. Kf1 Rxh2 52. Rxe3
Ra2 53. Re2 Rxa4 54. Re8 Rg4 55. Ra8 Rxg3 56. Rxa5 Kg5 57. Kf2 Rg4 58. Kf3 h4
59. Ra1 h3 60. Rh1 Kh4 61. Rh2 Rg3+ 62. Kf2 Rg2+ 63. Rxg2 hxg2 64. Kxg2 g5 65.
Kf3 g4+ 66. Kg2 f4 67. Kf2 Kh3 68. Kg1 g3 69. Kh1 f3 70. Kg1 f2+ 71. Kf1 Kh2
72. Ke2 g2 73. Kxf2 g1=Q+ 74. Kf3 Qg3+ 75. Ke2 Kg2 76. Kd2 Qf3 77. Ke1 Qf2+ 78.
Kd1 Qe3 79. Kc2 Kf2 80. Kd1 Qe2+ 81. Kc1 Qd3 82. Kb2 Ke2 83. Ka2 Kd2 84. Kb2
Qc3+ 85. Ka2 Qb4 86. Ka1 Kc2 87. Ka2 Qb2# 0-1

[Event "Kalamazoo Mini-Swiss.2"]
[Site "Kalamazoo, MI"]
[Date "1998.??.??"]
[Round "?"]
[White "Evans, Joseph"]
[Black "Draper, M."]
[Result "0-1"]
[WhiteElo "1605"]
[BlackElo "1605"]
[PlyCount "118"]
[EventDate "1998.??.??"]

1. e4 e5 2. Bc4 Nf6 3. Nc3 d6 4. Nge2 Be7 5. O-O O-O 6. d3 Bg4 7. h3 Bd7 8. d4
c6 9. Ng3 Qb6 10. dxe5 dxe5 11. Be3 Qxb2 12. Qd2 Bb4 13. Rab1 Qa3 14. Rfd1 Bxc3
15. Qc1 Qxc1 16. Bxc1 b5 17. Bb3 Na6 18. Rd3 b4 19. Ne2 Nc5 20. Rg3 Ncxe4 21.
Rf3 Bd2 22. Bb2 Bc3 23. Bc1 Be6 24. Ng3 Bxb3 25. axb3 Nxg3 26. Rxg3 a5 27. Rd3
a4 28. Rd6 a3 29. Bxa3 Rxa3 30. Rbd1 Ra1 31. Rxa1 Bxa1 32. Rxc6 Bc3 33. g3 Re8
34. Kg2 h6 35. h4 e4 36. Kf1 Rd8 37. h5 Nxh5 38. Rc4 Nf6 39. Kg2 Rd2 40. Rc8+
Kh7 41. Rc7 e3 42. Rxf7 Rxf2+ 43. Kg1 Rxc2 44. Re7 e2 45. Re3 e1=Q+ 46. Rxe1
Bxe1 47. Kf1 Kg6 48. Kxe1 Kg5 49. Kd1 Ra2 50. Kc1 Kg4 51. Kb1 Rh2 52. Kc1 Kf3
53. g4 Ke3 54. g5 hxg5 55. Kb1 Kd3 56. Ka1 Kc3 57. Kb1 Rg2 58. Ka1 Kxb3 59. Kb1
Rg1# 0-1

[Event "Kalamazoo Mini-Swiss.2"]
[Site "Kalamazoo, MI"]
[Date "1998.??.??"]
[Round "?"]
[White "Evans, Joseph"]
[Black "Beamen, M."]
[Result "1-0"]
[WhiteElo "1605"]
[BlackElo "1605"]
[PlyCount "118"]
[EventDate "1998.??.??"]

1. e4 d5 2. Bb5+ c6 3. Bd3 Nf6 4. e5 Ng4 5. Be2 Nxe5 6. Nf3 Ng6 7. O-O e6 8. d4
Bd6 9. Bg5 Be7 10. Bxe7 Qxe7 11. Nc3 e5 12. Re1 Nd7 13. Qd3 e4 14. Qe3 exf3 15.
Bxf3 O-O 16. Qxe7 Nxe7 17. Rxe7 Nb6 18. Rae1 g6 19. h3 Nc4 20. b3 Nd2 21. Be2
Ne4 22. Nxe4 dxe4 23. Rxe4 Bf5 24. Re7 Rae8 25. Rxb7 Bxc2 26. Kf1 Bd3 27. Rxa7
Bxe2+ 28. Rxe2 Rxe2 29. Kxe2 Re8+ 30. Kf1 f5 31. a4 Rd8 32. b4 Rxd4 33. b5 cxb5
34. axb5 Rd1+ 35. Ke2 Rb1 36. Ra8+ Kg7 37. Rb8 g5 38. b6 g4 39. h4 Rb2+ 40. Kf1
f4 41. b7 g3 42. f3 h5 43. Ke1 Rb1+ 44. Ke2 Kf7 45. Rh8 Rxb7 46. Rh7+ Ke6 47.
Rxb7 Kf5 48. Rb5+ Kg6 49. Kd3 Kh6 50. Ke4 Kg6 51. Kxf4 Kf6 52. Kxg3 Kg6 53. f4
Kf6 54. Rxh5 Kg6 55. Re5 Kg7 56. Re8 Kf6 57. h5 Kf7 58. Re5 Kf6 59. h6 Kf7 1-0

[Event "Kalamazoo Mini-Swiss.1"]
[Site "Kalamazoo, MI"]
[Date "1998.??.??"]
[Round "?"]
[White "Estlick, Laurence"]
[Black "Wrabel, C."]
[Result "1-0"]
[WhiteElo "2015"]
[BlackElo "1760"]
[PlyCount "99"]
[EventDate "1998.??.??"]

1. d4 Nf6 2. c4 g6 3. Nc3 d5 4. Bf4 Bg7 5. e3 O-O 6. Nf3 c5 7. h3 Nc6 8. Rc1
dxc4 9. dxc5 Qa5 10. Qa4 Qxc5 11. Qxc4 Qxc4 12. Bxc4 Nd7 13. a3 Nde5 14. Nxe5
Nxe5 15. Be2 Be6 16. O-O Rac8 17. Nb5 Nc6 18. Rc2 a6 19. Nc3 Bb3 20. Rcc1 Rfd8
21. Bd1 Na5 22. Bxb3 Nxb3 23. Rcd1 Nd2 24. Rfe1 Bxc3 25. bxc3 Rxc3 26. e4 Rcd3
27. Rc1 R3d7 28. f3 Nb3 29. Rc3 Nd4 30. a4 b5 31. axb5 axb5 32. Kf2 Rb7 33. Rd1
f6 34. Be3 Rbd7 35. Bxd4 Rxd4 36. Rxd4 Rxd4 37. Rb3 b4 38. Ke3 e5 39. Rd3 Rxd3+
40. Kxd3 Kf7 41. Kc4 b3 42. Kxb3 f5 43. Kc4 Ke6 44. Kc5 g5 45. g3 h5 46. g4
fxg4 47. fxg4 hxg4 48. hxg4 Ke7 49. Kd5 Kf6 50. Kd6 1-0